| 000 | 00572nam a2200217Ia 4500 | ||
|---|---|---|---|
| 003 | OSt | ||
| 005 | 20220901125643.0 | ||
| 008 | 220901b |||||||| |||| 00| 0 eng d | ||
| 020 | _a1 84064 836 8 | ||
| 040 | _cIFM Library | ||
| 082 | _a382 | ||
| 100 |
_aKotabe, Masaaki _9899 |
||
| 245 | _aEmerging Issues in International Business Research | ||
| 260 | _aCheltenham: | ||
| 260 | _bEdward Elgar, | ||
| 260 | _c2002 | ||
| 300 |
_axxi, 285p.: _bill.: 23cm |
||
| 500 | _aIncludes Bibliographical References | ||
| 650 |
_aInternational trade _9580 |
||
| 942 |
_cBK _2ddc _n0 |
||
| 999 |
_c4903 _d4903 |
||